[Event "BL2-Nord 1415"]
[Site "Germany"]
[Date "2015.04.12"]
[Round "9.4"]
[White "Dudzinski, Piotr"]
[Black "Sehner, Norbert"]
[Result "1/2-1/2"]
[WhiteElo "2340"]
[BlackElo "2347"]
[PlyCount "77"]
[EventDate "2014.09.21"]
[EventType "team-tourn"]
[EventRounds "9"]
[EventCountry "GER"]
[SourceTitle "CBM 166 Extra"]
[Source "ChessBase"]
[SourceDate "2015.06.18"]
[SourceVersion "1"]
[SourceVersionDate "2015.06.18"]
[SourceQuality "1"]
[WhiteTeam "Ruedersdorf"]
[BlackTeam "Hamburger SK II"]
[WhiteTeamCountry "GER"]
[BlackTeamCountry "GER"]

1. e4 c5 2. c3 Nf6 3. e5 Nd5 4. d4 e6 5. Nf3 Nc6 6. c4 Ndb4 7. a3 Qa5 8. Bd2 Nxd4 9. Nxd4 cxd4 10. f4 d3 11. Qb3 Nc2+ 12. Kf2 Nxa1 13. Qxd3 Qb6+ 14. Be3 Qxb2+ 15. Be2 Qc2 16. Nd2 Qxd3 17. Bxd3 d6 18. Rxa1 Bd7 19. Ne4 dxe5 20. fxe5 Bc6 21. c5 Be7 22. Nd6+ Kd7 23. Rd1 Bxd6 24. cxd6 b6 25. Rc1 f6 26. Bd4 Raf8 27. Ke3 h5 28. a4 h4 29. Bb5 Rc8 30. Ba6 fxe5 31. Bxc8+ Rxc8 32. Bxe5 Bxg2 33. Rxc8 Kxc8 34. Bxg7 Kd7 35. Be5 Bc6 36. a5 bxa5 37. h3 Bg2 38. Kd2 Bxh3 39. Bf6 1/2-1/2

[Event "BL2-Nord 1314"]
[Site "Germany"]
[Date "2014.04.06"]
[Round "9.7"]
[White "Petzold, Lutz Lukas"]
[Black "Sehner, Norbert"]
[Result "1/2-1/2"]
[WhiteElo "2257"]
[BlackElo "2344"]
[PlyCount "39"]
[EventDate "2013.10.13"]
[EventType "team-tourn"]
[EventRounds "9"]
[EventCountry "GER"]
[SourceTitle "EXT 2015"]
[Source "ChessBase"]
[SourceDate "2014.11.20"]
[SourceVersion "1"]
[SourceVersionDate "2014.11.20"]
[SourceQuality "1"]
[WhiteTeam "Goettingen"]
[BlackTeam "Hamburger SK II"]
[WhiteTeamCountry "GER"]
[BlackTeamCountry "GER"]

1. e4 c5 2. Nf3 d6 3. d4 cxd4 4. Nxd4 Nf6 5. Nc3 g6 6. Be3 Bg7 7. f3 Nc6 8. Qd2 0-0 9. 0-0-0 Nxd4 10. Bxd4 Be6 11. Kb1 Qc7 12. h4 Rfc8 13. g4 Qa5 14. a3 Rab8 15. g5 Nh5 16. Bxg7 Kxg7 17. Bh3 Bxh3 18. Rxh3 b5 19. Qd4+ Kg8 20. Nd5 1/2-1/2

[Event "BL2-Nord 1314"]
[Site "Germany"]
[Date "2014.03.16"]
[Round "8.6"]
[White "Moritz, Aron"]
[Black "Sehner, Norbert"]
[Result "1/2-1/2"]
[WhiteElo "2183"]
[BlackElo "2344"]
[PlyCount "116"]
[EventDate "2013.10.13"]
[EventType "team-tourn"]
[EventRounds "9"]
[EventCountry "GER"]
[SourceTitle "EXT 2015"]
[Source "ChessBase"]
[SourceDate "2014.11.20"]
[SourceVersion "1"]
[SourceVersionDate "2014.11.20"]
[SourceQuality "1"]
[WhiteTeam "Berlin SF II"]
[BlackTeam "Hamburger SK II"]
[WhiteTeamCountry "GER"]
[BlackTeamCountry "GER"]

1. e4 c5 2. Nf3 d6 3. d4 cxd4 4. Nxd4 Nf6 5. Nc3 g6 6. Be3 Bg7 7. f3 Nc6 8. Qd2 0-0 9. 0-0-0 Nxd4 10. Bxd4 Be6 11. Kb1 Qc7 12. g4 Rfc8 13. h4 Qa5 14. Qg5 Qxg5 15. hxg5 Nd7 16. Bxg7 Kxg7 17. Be2 Rc5 18. f4 f6 19. gxf6+ Nxf6 20. f5 Bg8 21. g5 Ne8 22. Rhf1 Rac8 23. Bb5 Rxb5 24. f6+ Kf8 25. Nxb5 Bc4 26. fxe7+ Kxe7 27. Nc3 Bxf1 28. Rxf1 Nc7 29. Rh1 Rh8 30. Nd5+ Nxd5 31. exd5 Kf7 32. c4 Kg7 33. Re1 Kf7 34. Rh1 a6 35. Kc2 Kg7 36. Re1 Kf7 37. Rh1 Kg7 38. Re1 Kf7 39. Re6 Rd8 40. Kd3 b5 41. cxb5 axb5 42. a3 Rd7 43. b3 Ra7 44. Rxd6 Rxa3 45. Kc3 Ra1 46. Rd7+ Ke8 47. Rxh7 Rd1 48. Rg7 Rxd5 49. Rxg6 Kf7 50. Rb6 Rxg5 51. Kb4 Rg3 52. Rxb5 Ke6 53. Rc5 Kd6 54. Rc1 Rg8 55. Ka3 Ra8+ 56. Kb2 Rb8 57. Rc4 Rh8 58. b4 Rh3 1/2-1/2

[Event "BL2-Nord 1314"]
[Site "Germany"]
[Date "2014.01.19"]
[Round "5.6"]
[White "Sehner, Norbert"]
[Black "Harich, Ralph"]
[Result "1-0"]
[WhiteElo "2344"]
[BlackElo "2188"]
[PlyCount "89"]
[EventDate "2013.10.13"]
[EventType "team-tourn"]
[EventRounds "9"]
[EventCountry "GER"]
[SourceTitle "EXT 2015"]
[Source "ChessBase"]
[SourceDate "2014.11.20"]
[SourceVersion "1"]
[SourceVersionDate "2014.11.20"]
[SourceQuality "1"]
[WhiteTeam "Hamburger SK II"]
[BlackTeam "Kreuzberg"]
[WhiteTeamCountry "GER"]
[BlackTeamCountry "GER"]

1. c4 c5 2. g3 Nf6 3. Bg2 g6 4. Nc3 Bg7 5. e4 Nc6 6. Nge2 0-0 7. 0-0 d6 8. d3 a6 9. Rb1 Rb8 10. a3 b5 11. cxb5 axb5 12. b4 cxb4 13. axb4 Bg4 14. h3 Bxe2 15. Nxe2 d5 16. Qb3 dxe4 17. dxe4 e5 18. Rd1 Qe7 19. Be3 Rfd8 20. Bc5 Qe6 21. Qxe6 fxe6 22. Rxd8+ Rxd8 23. Nc3 Nd4 24. Bf1 Bf8 25. Bxf8 Kxf8 26. Nxb5 Nf3+ 27. Kg2 Nxe4 28. Be2 Nd4 29. Re1 Nc2 30. Rc1 Rd2 31. Bd3 Rxd3 32. Rxc2 Rd2 33. Rxd2 Nxd2 34. f3 e4 35. f4 Ke7 36. Kf2 Nc4 37. Nc3 e3+ 38. Ke2 Na3 39. Kd3 h6 40. g4 Kd6 41. b5 Kc5 42. Kxe3 Kc4 43. b6 Kxc3 44. b7 Nc4+ 45. Ke2 1-0

[Event "BL2-Nord 1213"]
[Site "Germany"]
[Date "2013.02.24"]
[Round "7.3"]
[White "Sehner, Norbert"]
[Black "Ribic, Kasmir"]
[Result "0-1"]
[WhiteElo "2364"]
[BlackElo "2307"]
[PlyCount "60"]
[EventDate "2012.10.14"]
[EventType "team-tourn"]
[EventRounds "9"]
[EventCountry "GER"]
[SourceTitle "CBM 154 Extra"]
[Source "ChessBase"]
[SourceDate "2013.06.25"]
[SourceVersion "2"]
[SourceVersionDate "2013.06.25"]
[SourceQuality "1"]
[WhiteTeam "Hamburger SK II"]
[BlackTeam "Berlin Zehlendorf"]
[WhiteTeamCountry "GER"]
[BlackTeamCountry "GER"]

1. c4 c6 2. g3 d5 3. Bg2 Nf6 4. cxd5 cxd5 5. Nf3 Nc6 6. a3 Bg4 7. d3 e6 8. Nbd2 Bd6 9. b4 a5 10. b5 Ne5 11. Bb2 Nfd7 12. Nxe5 Bxe5 13. Bxe5 Nxe5 14. Qa4 Qf6 15. b6+ Ke7 16. Rb1 Rhc8 17. h3 Bh5 18. f4 Nd7 19. g4 Nc5 20. Qb5 Qh4+ 21. Kd1 Bg6 22. f5 exf5 23. Rc1 Qf2 24. Bxd5 f6 25. Rf1 Qe3 26. Rf3 Qg1+ 27. Nf1 Be8 28. Qb2 Na4 29. Qa1 Qxb6 30. Rb1 Nc3+ 0-1

[Event "BL2-Nord 1112"]
[Site "Germany"]
[Date "2012.03.18"]
[Round "8.4"]
[White "Sehner, Norbert"]
[Black "Meyer, Falko"]
[Result "1-0"]
[WhiteElo "2373"]
[BlackElo "2300"]
[PlyCount "72"]
[EventDate "2011.10.02"]
[EventType "team-tourn"]
[EventRounds "9"]
[EventCountry "GER"]
[SourceTitle "EXT 2015"]
[Source "ChessBase"]
[SourceDate "2014.11.20"]
[SourceVersion "1"]
[SourceVersionDate "2014.11.20"]
[SourceQuality "1"]
[WhiteTeam "Hamburger SK II"]
[BlackTeam "Norderstedt"]
[WhiteTeamCountry "GER"]
[BlackTeamCountry "GER"]

1. c4 c5 2. g3 g6 3. Bg2 Bg7 4. Nc3 Nc6 5. d3 Nf6 6. e4 d6 7. Nge2 0-0 8. 0-0 Ne8 9. Rb1 Nc7 10. a3 a5 11. Nd5 Bg4 12. f3 Bd7 13. Be3 Ra6 14. h3 Nd4 15. Nxd4 cxd4 16. Bg5 f6 17. Bd2 e6 18. Nxc7 Qxc7 19. f4 Kh8 20. h4 b5 21. b3 a4 22. Rc1 Qa7 23. Bb4 Rb8 24. c5 dxc5 25. Bxc5 Qb7 26. Bxd4 e5 27. fxe5 fxe5 28. Bb2 axb3 29. Qxb3 Be6 30. Qb4 Rc6 31. Kh2 Rxc1 32. Rxc1 Rd8 33. Rc5 Bf8 34. Qa5 Rxd3 35. Rxb5 Qd7 36. Rb8 Rf3 1-0

[Event "BL2-Nord 1112"]
[Site "Germany"]
[Date "2011.12.11"]
[Round "4.4"]
[White "Sehner, Norbert"]
[Black "Mueller, Oliver"]
[Result "1/2-1/2"]
[WhiteElo "2373"]
[BlackElo "2331"]
[PlyCount "79"]
[EventDate "2011.10.02"]
[EventType "team-tourn"]
[EventRounds "9"]
[EventCountry "GER"]
[SourceTitle "EXT 2015"]
[Source "ChessBase"]
[SourceDate "2014.11.20"]
[SourceVersion "1"]
[SourceVersionDate "2014.11.20"]
[SourceQuality "1"]
[WhiteTeam "Hamburger SK II"]
[BlackTeam "Werder Bremen II"]
[WhiteTeamCountry "GER"]
[BlackTeamCountry "GER"]

1. c4 e5 2. g3 Nf6 3. Bg2 d5 4. cxd5 Nxd5 5. Nf3 Nc6 6. d3 Be7 7. 0-0 0-0 8. a3 Re8 9. b4 Bf8 10. Bb2 Nb6 11. Nbd2 a6 12. Rc1 Bd6 13. Ne4 Bf5 14. Nc5 Bxc5 15. bxc5 Nd7 16. d4 exd4 17. Nxd4 Be4 18. f3 Bg6 19. Nxc6 bxc6 20. e4 Qe7 21. Qd4 f6 22. Rfd1 Red8 23. Qa4 Rab8 24. Bd4 Bf7 25. Qxc6 Bb3 26. Rd2 Ne5 27. Qxa6 Ra8 28. Qe2 Rxa3 29. f4 Nc6 30. Bb2 Ra5 31. e5 Rxc5 32. Rxd8+ Nxd8 33. Qe3 Rxc1+ 34. Bxc1 Bf7 35. Ba3 Qe8 36. Qc3 fxe5 37. fxe5 Ne6 38. Bd5 Qd7 39. Qb3 h6 40. Qb8+ 1/2-1/2

[Event "BL2-Nord 1112"]
[Site "Germany"]
[Date "2011.10.02"]
[Round "1.4"]
[White "Rudolf, Henrik"]
[Black "Sehner, Norbert"]
[Result "1/2-1/2"]
[WhiteElo "2361"]
[BlackElo "2373"]
[PlyCount "37"]
[EventDate "2011.10.02"]
[EventType "team-tourn"]
[EventRounds "9"]
[EventCountry "GER"]
[SourceTitle "EXT 2015"]
[Source "ChessBase"]
[SourceDate "2014.11.20"]
[SourceVersion "1"]
[SourceVersionDate "2014.11.20"]
[SourceQuality "1"]
[WhiteTeam "Rostock"]
[BlackTeam "Hamburger SK II"]
[WhiteTeamCountry "GER"]
[BlackTeamCountry "GER"]

1. e4 c5 2. Nf3 d6 3. d4 cxd4 4. Nxd4 Nf6 5. Nc3 g6 6. Be3 Bg7 7. f3 Nc6 8. Qd2 0-0 9. Bc4 Bd7 10. h4 Qc7 11. Bb3 Na5 12. Bh6 Nxb3 13. axb3 Bxh6 14. Qxh6 d5 15. exd5 Qe5+ 16. Nde2 Nxd5 17. 0-0-0 Nxc3 18. Nxc3 Bc6 19. Rhe1 1/2-1/2

[Event "Oberliga Nord N 0910"]
[Site "Germany"]
[Date "2009.10.18"]
[Round "1.6"]
[White "Sehner, Norbert"]
[Black "Legahn, Dirk"]
[Result "1/2-1/2"]
[WhiteElo "2375"]
[BlackElo "2191"]
[PlyCount "84"]
[EventDate "2009.10.18"]
[EventType "team-tourn"]
[EventRounds "9"]
[EventCountry "GER"]
[SourceTitle "EXT 2011"]
[Source "ChessBase"]
[SourceDate "2010.11.26"]
[SourceVersion "1"]
[SourceVersionDate "2010.11.26"]
[SourceQuality "1"]
[WhiteTeam "Hamburger SK"]
[BlackTeam "Hamburg Diogenes"]
[WhiteTeamCountry "GER"]
[BlackTeamCountry "GER"]

1. c4 c5 2. g3 Nc6 3. Bg2 g6 4. Nc3 Bg7 5. d3 d6 6. e4 e6 7. Nge2 Nge7 8. 0-0 0-0 9. Rb1 b6 10. Be3 Bb7 11. d4 cxd4 12. Nxd4 Na5 13. b3 d5 14. exd5 exd5 15. cxd5 Nxd5 16. Nxd5 Bxd5 17. Rc1 Bxg2 18. Kxg2 Qd7 19. Nc6 Qb7 20. Qf3 Nxc6 21. Rxc6 Rac8 22. Rxc8 Qxc8 23. Rc1 Qa6 24. Bf4 Rc8 25. Rxc8+ Qxc8 26. Qd5 h5 27. h3 Bf6 28. a4 Kg7 29. Be3 Qc3 30. Qc4 Qxc4 31. bxc4 Bc3 32. Kf3 f5 33. c5 bxc5 34. Bxc5 a6 35. Ke3 Kf7 36. Kd3 Be1 37. Kc4 Ke6 38. Bd4 Kd6 39. Ba7 Kc6 40. Be3 Ba5 41. h4 Bd8 42. Bd4 Bc7 1/2-1/2

[Event "BL2-Nord 9900"]
[Site "Germany"]
[Date "2000.01.30"]
[Round "5.5"]
[White "Zesch, Ludwig"]
[Black "Sehner, Norbert"]
[Result "0-1"]
[WhiteElo "2094"]
[BlackElo "2380"]
[PlyCount "126"]
[EventDate "1999.10.10"]
[EventType "team-tourn"]
[EventRounds "9"]
[EventCountry "GER"]
[SourceTitle "CBM 074 Extra"]
[Source "ChessBase"]
[SourceDate "2000.03.10"]
[SourceVersion "2"]
[SourceVersionDate "2000.03.10"]
[SourceQuality "1"]
[WhiteTeam "Leipzig Gohlis"]
[BlackTeam "Hamburger SK II"]
[WhiteTeamCountry "GER"]
[BlackTeamCountry "GER"]

1. e4 c5 2. Nf3 d6 3. d4 cxd4 4. Nxd4 Nf6 5. Nc3 g6 6. Be3 Bg7 7. f3 Nc6 8. Qd2 0-0 9. 0-0-0 Be6 10. Kb1 Nxd4 11. Bxd4 Qc7 12. g4 Rfc8 13. h4 Qa5 14. Qg5 Qxg5 15. hxg5 Nd7 16. Bxg7 Kxg7 17. Rh4 Rc5 18. f4 f6 19. gxf6+ Nxf6 20. g5 Ng4 21. Be2 Ne3 22. Rdh1 Rh8 23. R4h2 b5 24. Bd3 b4 25. Ne2 Bg4 26. b3 e5 27. fxe5 Rxe5 28. Nd4 Rxg5 29. Re1 Nd1 30. Rg2 h6 31. Nc6 a5 32. Nxa5 Nc3+ 33. Kc1 Rxa5 34. Rxg4 g5 35. Kd2 Rxa2 36. e5 dxe5 37. Rxb4 Nd5 38. Rb7+ Kf6 39. Rf1+ Nf4 40. Rb6+ Kg7 41. Rb7+ Kf6 42. Rb6+ Kf7 43. Bc4+ Kg7 44. b4 Rd8+ 45. Kc3 Ra7 46. b5 g4 47. Rc6 h5 48. b6 Re7 49. Ba6 g3 50. b7 Rb8 51. Kd2 h4 52. Ke3 g2 53. Rg1 h3 54. Kf2 h2 55. Rxg2+ Nxg2 56. Kxg2 Rh8 57. Kh1 Rd7 58. Bd3 Rxb7 59. c4 Ra7 60. Rb6 Rd7 61. Rg6+ Kf7 62. Rg3 Ke6 63. Be2 Ra7 0-1

[Event "Franfurt CC Ordix"]
[Site "Frankfurt"]
[Date "1997.??.??"]
[Round "3"]
[White "Sehner, Norbert"]
[Black "Beliavsky, Alexander G"]
[Result "0-1"]
[WhiteElo "2390"]
[BlackElo "2665"]
[PlyCount "66"]
[EventDate "1997.??.??"]
[EventType "swiss (rapid)"]
[EventRounds "11"]
[EventCountry "GER"]
[SourceTitle "EXT 1998"]
[Source "ChessBase"]
[SourceDate "1997.11.17"]
[SourceVersion "1"]
[SourceVersionDate "1997.11.17"]
[SourceQuality "1"]

1. c4 e6 2. g3 d5 3. Bg2 Nf6 4. Nf3 Be7 5. 0-0 0-0 6. d4 c6 7. Nc3 b6 8. Ne5 Ba6 9. b3 Nfd7 10. cxd5 Nxe5 11. dxe5 cxd5 12. Bb2 Nc6 13. f4 Rc8 14. Kh1 Qd7 15. Rc1 Rfd8 16. a3 Qe8 17. b4 Bc4 18. Re1 a5 19. b5 Nb8 20. a4 Nd7 21. e3 Bb4 22. Rg1 Nc5 23. Ra1 Bb3 24. Qd4 Bxc3 25. Bxc3 Bxa4 26. f5 Bc2 27. f6 Be4 28. Qd1 Nd3 29. Be1 Nxe5 30. fxg7 Qxb5 31. Qh5 Bxg2+ 32. Rxg2 Qf1+ 33. Rg1 Qf3+ 0-1

[Event "Bundesliga 9596"]
[Site "Germany"]
[Date "1996.??.??"]
[Round "?.4"]
[White "Reefschlaeger, Helmut"]
[Black "Sehner, Norbert"]
[Result "0-1"]
[WhiteElo "2350"]
[BlackElo "2420"]
[PlyCount "122"]
[EventDate "1995.10.14"]
[EventType "team-tourn"]
[EventRounds "15"]
[EventCountry "GER"]
[SourceTitle "GER-chT"]
[Source "ChessBase"]
[SourceDate "1999.07.01"]
[SourceVersion "1"]
[SourceVersionDate "1999.07.01"]
[SourceQuality "1"]
[WhiteTeam "Delmenhorst"]
[BlackTeam "Castrop Rauxel"]
[WhiteTeamCountry "GER"]
[BlackTeamCountry "GER"]

1. e4 c5 2. f4 g6 3. d3 Nc6 4. Nf3 Bg7 5. g3 e6 6. c3 Nge7 7. Bg2 b6 8. 0-0 0-0 9. Be3 Bb7 10. Bf2 d6 11. Re1 Qd7 12. d4 cxd4 13. cxd4 b5 14. Nbd2 a5 15. e5 Nb4 16. Ne4 Bxe4 17. Rxe4 Rfc8 18. Re2 d5 19. a3 Nbc6 20. b3 Na7 21. Ne1 a4 22. b4 Rc7 23. Nd3 Nac8 24. Nc5 Qc6 25. g4 Nb6 26. Qd3 Re8 27. Bh4 Nec8 28. Rf1 Nd7 29. Kh1 Ncb6 30. Ref2 Nxc5 31. dxc5 Nc4 32. Re2 Rd7 33. Rfe1 Kh8 34. Rd1 Qc7 35. g5 h5 36. Bf2 Kg8 37. Bd4 Qc6 38. Rc2 Rc8 39. Qf3 Kf8 40. Bf1 Ke8 41. Re1 Kd8 42. Bg2 Kc7 43. Rb1 Rb8 44. Rbc1 Qa6 45. Re1 Qc6 46. Rce2 Re8 47. Rc1 Rb8 48. Rc3 Re8 49. Qg3 Kc8 50. Qe1 Kc7 51. Rxc4 bxc4 52. b5 Qxb5 53. Rb2 Qa6 54. Rb6 Qa8 55. Qb4 Bf8 56. Qb5 Rb8 57. Bc3 Rxb6 58. Ba5 Bxc5 59. Qxc5+ Qc6 60. Bxb6+ Kb7 61. Qxc6+ Kxc6 0-1

[Event "Bundesliga 9596"]
[Site "Germany"]
[Date "1995.??.??"]
[Round "?.6"]
[White "Hickl, Joerg"]
[Black "Sehner, Norbert"]
[Result "1-0"]
[WhiteElo "2570"]
[BlackElo "2420"]
[PlyCount "73"]
[EventDate "1995.10.14"]
[EventType "team-tourn"]
[EventRounds "15"]
[EventCountry "GER"]
[SourceTitle "GER-chT"]
[Source "ChessBase"]
[SourceDate "1999.07.01"]
[SourceVersion "1"]
[SourceVersionDate "1999.07.01"]
[SourceQuality "1"]
[WhiteTeam "Koeln Porz"]
[BlackTeam "Castrop Rauxel"]
[WhiteTeamCountry "GER"]
[BlackTeamCountry "GER"]

1. g3 d5 2. Bg2 c6 3. Nf3 Bg4 4. b3 Nd7 5. Bb2 e6 6. 0-0 Ngf6 7. d3 Bc5 8. a3 a5 9. c4 0-0 10. Nbd2 Qe7 11. h3 Bh5 12. Qc2 Rfd8 13. Rfe1 e5 14. e3 Bd6 15. Nh4 Qe6 16. f4 Bg6 17. Nf1 dxc4 18. bxc4 Ne8 19. Rad1 Qe7 20. Qc3 Bh5 21. Nf5 Qf6 22. g4 Bc7 23. N5g3 Bxg4 24. hxg4 exf4 25. exf4 Qg6 26. Nf5 Kf8 27. Qd2 Ndf6 28. Nh2 Nxg4 29. Rxe8+ Kxe8 30. Qe2+ Kd7 31. Qxg4 Qxg4 32. Nxg4 g6 33. Nf6+ Kc8 34. Ne7+ Kb8 35. Be5 Bxe5 36. fxe5 Rd4 37. Bxc6 1-0

[Event "Bundesliga 9495"]
[Site "Germany"]
[Date "1995.??.??"]
[Round "?.6"]
[White "Sehner, Norbert"]
[Black "Foessmeier, Ulrich Johann"]
[Result "1-0"]
[WhiteElo "2410"]
[BlackElo "2310"]
[PlyCount "109"]
[EventDate "1994.10.08"]
[EventType "team-tourn"]
[EventRounds "15"]
[EventCountry "GER"]
[SourceTitle "GER-chT"]
[Source "ChessBase"]
[SourceDate "1999.07.01"]
[SourceVersion "1"]
[SourceVersionDate "1999.07.01"]
[SourceQuality "1"]
[WhiteTeam "Castrop Rauxel"]
[BlackTeam "Tuebingen"]
[WhiteTeamCountry "GER"]
[BlackTeamCountry "GER"]

1. c4 e6 2. g3 d5 3. Bg2 Nf6 4. Nf3 Be7 5. 0-0 0-0 6. d4 dxc4 7. Qc2 a6 8. a4 Bd7 9. Ne5 Bc6 10. Nxc6 Nxc6 11. e3 Na5 12. Na3 c5 13. dxc5 Rc8 14. Bd2 Rxc5 15. Bb4 Rh5 16. Bxa5 Qxa5 17. Bxb7 Bxa3 18. Rxa3 Rb8 19. Qxc4 Qb6 20. Rb3 Rc5 21. Rxb6 Rxc4 22. Bxa6 Rxb6 23. Bxc4 Rxb2 24. Ra1 Rb4 25. Bf1 Kf8 26. a5 Rb7 27. a6 Ra7 28. f3 Ke7 29. e4 Kd6 30. Rc1 Nd7 31. Bb5 Nc5 32. Kf2 Nb3 33. Rc6+ Ke7 34. Ke3 e5 35. Bf1 Nd4 36. Rb6 Kd7 37. Rb8 Kc7 38. Rh8 h6 39. Rh7 Ne6 40. f4 exf4+ 41. gxf4 Kd6 42. f5 Nc5 43. Rxg7 Ke5 44. Rg8 Nxa6 45. Re8+ Kd6 46. e5+ Kd5 47. Bg2+ Kc5 48. Ra8 Rxa8 49. Bxa8 Nb8 50. f6 Nd7 51. Ke4 Nb6 52. Bb7 Nc4 53. Bc8 Nd2+ 54. Kf4 Nc4 55. Be6 1-0

[Event "Bundesliga 9394"]
[Site "Germany"]
[Date "1994.01.29"]
[Round "6.4"]
[White "Reschke, Stefan"]
[Black "Sehner, Norbert"]
[Result "1/2-1/2"]
[WhiteElo "2390"]
[BlackElo "2415"]
[PlyCount "101"]
[EventDate "1993.11.06"]
[EventType "team-tourn"]
[EventRounds "15"]
[EventCountry "GER"]
[SourceTitle "GER-chT"]
[Source "ChessBase"]
[SourceDate "1999.07.01"]
[SourceVersion "1"]
[SourceVersionDate "1999.07.01"]
[SourceQuality "1"]
[WhiteTeam "Koblenz"]
[BlackTeam "Castrop Rauxel"]
[WhiteTeamCountry "GER"]
[BlackTeamCountry "GER"]

1. c4 e6 2. Nf3 d5 3. b3 Be7 4. Bb2 Bf6 5. Qc2 Nc6 6. g3 Nb4 7. Qc1 dxc4 8. bxc4 b6 9. Bg2 Bb7 10. 0-0 c5 11. d3 Qe7 12. Na3 Bxb2 13. Qxb2 Nf6 14. Nc2 Nc6 15. Ne5 Nxe5 16. Bxb7 Qxb7 17. Qxe5 0-0 18. a4 Nd7 19. Qd6 Rac8 20. a5 Rc6 21. Qf4 Re8 22. Qd2 Rd6 23. axb6 axb6 24. Qc3 h5 25. f3 b5 26. cxb5 Qxb5 27. Rfb1 Qc6 28. Ne3 Rd4 29. Nc4 h4 30. Qe1 hxg3 31. hxg3 Qc7 32. Kg2 Rb8 33. Rxb8+ Qxb8 34. Qa5 Rd5 35. Qd2 Qb4 36. Ra8+ Kh7 37. Qf4 Nf6 38. g4 Qe1 39. Qh2+ Nh5 40. Ra2 Rg5 41. Ne5 Qb1 42. Nxf7 Rd5 43. Ra4 Qb2 44. Re4 Kg8 45. Ne5 Nf6 46. Nc4 Qa2 47. Rxe6 Rxd3 48. Re7 Rd7 49. Qb8+ Kh7 50. Qh2+ Kg8 51. Qb8+ 1/2-1/2

[Event "Bundesliga 9394"]
[Site "Germany"]
[Date "1994.01.09"]
[Round "5.4"]
[White "Sehner, Norbert"]
[Black "Backwinkel, Paul"]
[Result "1/2-1/2"]
[WhiteElo "2415"]
[BlackElo "2410"]
[PlyCount "129"]
[EventDate "1993.11.06"]
[EventType "team-tourn"]
[EventRounds "15"]
[EventCountry "GER"]
[SourceTitle "GER-chT"]
[Source "ChessBase"]
[SourceDate "1999.07.01"]
[SourceVersion "1"]
[SourceVersionDate "1999.07.01"]
[SourceQuality "1"]
[WhiteTeam "Castrop Rauxel"]
[BlackTeam "Bochum"]
[WhiteTeamCountry "GER"]
[BlackTeamCountry "GER"]

1. c4 e6 2. g3 d5 3. Bg2 c6 4. Qc2 f5 5. d3 Nf6 6. Nf3 Bd6 7. 0-0 0-0 8. Nc3 dxc4 9. dxc4 Na6 10. e4 Bc7 11. e5 Ng4 12. Qe2 Qe8 13. h3 Nh6 14. Rb1 Nf7 15. b4 Nb8 16. c5 Nd7 17. Bf4 h6 18. h4 Qe7 19. h5 a5 20. a3 Rd8 21. Rfe1 axb4 22. axb4 Nf8 23. Nh4 Bd7 24. Ra1 Be8 25. Rxa8 Rxa8 26. Qc4 Kh7 27. Ng6 Nxg6 28. hxg6+ Kxg6 29. g4 Kh7 30. gxf5 exf5 31. e6 Nh8 32. Bxc7 Qxc7 33. Qd3 Qf4 34. b5 Ng6 35. bxc6 bxc6 36. Qg3 Qxg3 37. fxg3 Ra5 38. Rd1 Rxc5 39. Na4 Re5 40. Rd6 f4 41. Kf2 fxg3+ 42. Kxg3 Ne7 43. Kf4 Ra5 44. Nb6 g5+ 45. Kf3 Kg7 46. Bf1 Bh5+ 47. Kf2 Ra2+ 48. Ke1 Bf3 49. Bc4 Ra1+ 50. Kf2 Bd5 51. Bxd5 cxd5 52. Nxd5 Nxd5 53. Rxd5 Kf6 54. Rd6 h5 55. Rb6 Ra5 56. Kg3 Re5 57. e7+ Kxe7 58. Rh6 g4 59. Kh4 Kf7 60. Ra6 Rf5 61. Rh6 Kg7 62. Ra6 Kf7 63. Rh6 Re5 64. Ra6 Re6 65. Ra5 1/2-1/2